000 01257nam2a2200301 4500
001 rc\2954139
005 20260315060429.0
035 _a(NLR Aleph) 007101450
090 _a13602523
_c13602523
100 _a20110831d1933 u y0rusy50 ca
101 0 _arus
102 _aRU
105 _aa z |||||
200 1 _a4 год обуч. ...
210 _d1933
215 _a120 с.
_cил.
300 _aПереплет: А. Комаров
300 _aИл.: С. Адрианов, О. Грюн, М. Добров и А. Комаров
461 0 _1001rc\2954137
_12001#$aЕстествознание$eУчебник для начальной школы. Ч. 1-$fВ.А. Тетюрев$vЧ. 2
_1700#1$aТетюрев$bВ.А.$gВладимир Алексеевич
_96674886
_aТетюрев, В.А.
_cМосква
_d1933
_fВ.А. Тетюрев
_nГос. учеб.-пед. изд-во
_oУчебник для начальной школы. Ч. 1-
_tЕстествознание
_vЧ. 2
702 1 _aАдрианов
_bС.
_4440
702 1 _aГрюн
_bО.
_4440
702 1 _aДобров
_bМ.
_4440
702 1 _aКомаров
_bА.
_4440
801 0 _aRU
_bNLR
_gpsbo
801 1 _aRU
_bELAR
_2rusmarc
852 _aNLR
_j33-18/172(2)
942 _cUNSPEC
980 _aNB